Partage de midi
Guardat en:
| Autor principal: | |
|---|---|
| Format: | Llibre |
| Idioma: | francès |
| Publicat: |
París
Gallimard
1949
|
| Col·lecció: | <Le >Livre de Poche
|
| Matèries: | |
| Etiquetes: |
Afegir etiqueta
Sense etiquetes, Sigues el primer a etiquetar aquest registre!
|
MARC
| LEADER | 00000nam a2200000 a 4500 | ||
|---|---|---|---|
| 001 | UCZ0936 | ||
| 003 | CL-VaPUC | ||
| 008 | 950810e19490000FR |||||||||||||||||fre|d | ||
| 082 | 0 | 4 | |a 842 |b CLA |2 21 |
| 100 | 0 | |a Claudel, Paul |e author |9 333185 | |
| 245 | 1 | 0 | |a Partage de midi |
| 300 | |a 183 p | ||
| 942 | |c BK | ||
| 945 | |d 19950810 00:00:00 |a rbrito | ||
| 260 | |a París |b Gallimard |c 1949 | ||
| 650 | 0 | |a Drama francés |9 313202 | |
| 583 | |a last modification |c 19950810 00:00:00 |k Rodrigo Vera | ||
| 490 | 0 | |a <Le >Livre de Poche | |
| 999 | |c 237801 |d 237799 | ||
| 952 | |0 0 |1 0 |4 0 |6 842_000000000000000_CLA_1949 |7 0 |8 A |9 247500 |a BIBEDU |b BIBEDU |d 2019-11-18 |i 310804K |l 1 |o 842 CLA 1949 |p 310804K |r 2022-06-16 |s 2022-06-16 |w 2019-11-18 |y BK |k LIT | ||